Loading...
| History - American | 0 | 5 | 0 | 1 | 50 | 44 | 75.20 | 0 | 1 | 0.00 | 0.00 |
| Geography | 0 | 3 | 0 | 1 | 30 | 60 | 80.00 | 0 | 2 | 0.00 | 0.00 |
| Social Science | 0 | 3 | 0 | 1 | 30 | 75 | 91.33 | 0 | 1 | 0.00 | 0.00 |
| History - European | 0 | 1 | 0 | 0 | 10 | 68 | 68.00 | 0 | 0 | 0.00 | 0.00 |
| History - Other | 0 | 1 | 0 | 0 | 10 | 45 | 45.00 | 0 | 1 | 0.00 | 0.00 |
| Current Events | 0 | 1 | 0 | 0 | 10 | 42 | 42.00 | 0 | 1 | 0.00 | 0.00 |
| Literature - British | 0 | 1 | 0 | 1 | 10 | 111 | 111.00 | 0 | 0 | 0.00 | 0.00 |
| Mythology | 0 | 1 | 0 | 1 | 10 | 76 | 76.00 | 0 | 0 | 0.00 | 0.00 |
| Philosophy | 0 | 1 | 0 | 0 | 10 | 90 | 90.00 | 0 | 0 | 0.00 | 0.00 |
| Religion | 0 | 1 | 0 | 0 | 10 | 95 | 95.00 | 0 | 0 | 0.00 | 0.00 |
| Science - Chemistry | 0 | 1 | 0 | 1 | 10 | 101 | 101.00 | 0 | 0 | 0.00 | 0.00 |
| History - World | 0 | 1 | 0 | 0 | 10 | 62 | 62.00 | 1 | 1 | 0.00 | 0.00 |
| Fine Arts - Classical Music | 0 | 1 | 0 | 0 | 10 | 95 | 95.00 | 0 | 1 | 0.00 | 0.00 |
| Fine Arts - Painting and Sculpture | 0 | 1 | 0 | 0 | 10 | 121 | 121.00 | 0 | 0 | 0.00 | 0.00 |
| Science - Other | 0 | 0 | 0 | 0 | 0 | 0.00 | 0 | 0 | 0.00 | 0.00 |